000 00708nam a22002417a 4500
001 00028665
005 20260328092652.0
008 260328b ag ||||| |||| 00| 0 spa d
020 _a978987170333
040 _aAR-CcCEOS
_bspa
_cAR-CcCEOS
041 _aspa
080 _a982(822)
090 _bPEZ
100 1 _aPezzarini, Heriberto María,
_d1938-
_9986
245 1 2 _aHistoria de Concordia :
_bTomo IV /
_cHeriberto María Pezzarini y Rosa María Reisenweber
250 _a1ª ed.
260 _aConcordia :
_bDimsa,
_c2015.
300 _a454 p. ;
_c24x17 cm.
490 _vTomo IV
650 0 _ahistoria
_990
_vConcordia
_zConcordia
700 _aRosa María Reisenweber
_9987
942 _2udc
_cBK
_n0
999 _c28698
_d28698